000 00817cab a2200253 4500
001 WB3345-47
008 090401t1997 xxu||||| |||| 00| 0 eng d
035 _a(Sirsi) u82171
041 _aeng
245 _aWatch your language!
260 _c1997
350 _a0
490 _aEstate Agency News
_vNovember 1997, 1&7(1)
520 _aLACOTS, the advising body to trading standards officers, has issued new guidance to clamp down on estate agents` marketing claims over `no sale: no charge` or `no fee`.
650 _aCONSUMER PROTECTION ACT 1987
650 _aESTATE AGENTS
650 _aLACOTS
650 _aPROFESSIONAL CHARGES
650 _aPROFESSIONAL FEES
650 _aTRADING STANDARDS
690 _aMANAGEMENT-BUSINESS MANAGEMENT-PROFESSIONAL PRACTICE
942 _n0
948 _c18/11/1997
999 _c51834
_d51834